Statistics for Geography Chain - Extremely Difficult

Click here to take the quiz!

General Stats

  • This quiz has been taken 360 times
  • The average score is 5 of 19

Answer Stats

ClueAnswer% Correct
City on the Han RiverSeoul
70%
Region of western SudanDarfur
70%
Country with the lowest elevation capital cityAzerbaijan
64%
The last national capital alphabeticallyZagreb
57%
Wollongong and Newcastle are located on the shore of this seaTasman
48%
Largest city in the Aegean Regionİzmir
37%
Declared capital of ISIL territory from 2014 to 2017Raqqa
33%
Location in Melekeok; replaced KororNgerulmud
30%
Largest city on the River TaffCardiff
30%
Disputed region of the aboveNagorno-Karabakh
26%
The Ebro river flows into this seaBalearic
17%
Semi-autonomous region of SomaliaPuntland
12%
City at the foot of IllimaniLa Paz
11%
Island with the same name as the subnational entity in which it is locatedHawaii
8%
River that flows out of Lake St. ClairDetroit
8%
This river separates Indonesia and Papua New GuineaFly
5%
Home of the Carcross "desert," supposedly the smallest on EarthYukon
5%
The main roads of Benghazi form this geometric shapeRings
4%
Northernmost municipality on mainland EuropeNordkapp
4%

Score Distribution

Percentile by Number Answered

Percent of People with Each Score

Your Score History

You have not taken this quiz